La Liga TOTS - FIFA 21 - Statystyki

Ogólne statystyki
  • Ten quiz został rozwiązany 1 529 razy
  • Średni wynik to 13 z 15
Statystyki odpowiedzi
Overall Narodowość Klub Piłkarz % Poprawnych
96 Słowenia Atletico Madryt Oblak
98%
98 Argentyna Barcelona Messi
97%
97 Francja Real Madryt Benzema
96%
94 Holandia Barcelona De Jong
93%
95 Urugwaj Atletico Madryt Suarez
93%
95 Francja Real Madryt Varane
88%
92 Francja Real Betis Fekir
85%
94 Brazylia Real Madryt Casemiro
84%
92 Belgia Atletico Madryt Carrasco
83%
93 Hiszpania Barcelona Alba
79%
88 Francja Sevilla Kounde
78%
90 Hiszpania Villarreal Moreno
76%
91 Hiszpania Sevilla Navas
73%
89 Hiszpania Atletico Madryt Llorente
67%
92 Hiszpania Real Madryt Vazquez
62%
Nie znaleziono quizów pasujących do podanych kryteriów
Rozkład punktacji
Procent ludzi z każdym wynikiem
Percentyl według liczby udzielonych odpowiedzi
Twoja historia wyników
Nie rozwiązałeś tego quizu